000 00651cam a22001934a 4500
005 20250605164335.0
008 250528s ||||||||||||||||||||||||d
035 _a23382
040 _aGR-AtMCL
_bgre
_dGR-AtMCL
_eAACR2
245 1 _aPsychotherapy Clients' Experiences on the Bereavement of Parental Loss/MSc Integrative Counseling and Psychotherapy: Individual Research Project
260 _c2019
300 _a92
520 _aBereavement, Parental Loss, Psychotherapy, Experience, Qualitative, IPA.
700 1 _aApostolopoulou Aggeliki
_98941
700 1 _aTatsi Argyro-Athina
_98936
942 _cDS
999 _c8405
_d8405